000 00597nam a2200229 a 4500
001 nice12345678
003 IN_TiNIC
005 20260116014029.0
008 070416s2005 lona grp 000 0 eng
020 _a0415267080
_c300
082 0 0 _a792.013
_bBOA
100 _aBoal, Augusto
245 _aGames for Actors and Non-Actors
_bsecond Edition
260 _aLondon
_bRoutledge Chapman Hall
_c2005
300 _a301p
500 _aincludes index and biblioraphy
650 _aTheatres-Social Issues
700 1 _aBoal, Augusto
902 _bSRS
942 _cBK
999 _c13577
_d13577